Govt. of
Madhya Pradesh

Sovereignty in Ancient Indian Polity (Record no. 38818)

MARC details
000 -LEADER
fixed length control field 004400000a22001690004500
003 - CONTROL NUMBER IDENTIFIER
control field MACL
005 - DATE AND TIME OF LATEST TRANSACTION
control field 20151230151517.0
008 - FIXED-LENGTH DATA ELEMENTS--GENERAL INFORMATION
fixed length control field 151230b xxu||||| |||| 00| 0 eng d
040 ## - CATALOGING SOURCE
Original cataloging agency MACL
Transcribing agency MACL
041 ## - LANGUAGE CODE
Language code of text/sound track or separate title English
082 ## - DEWEY DECIMAL CLASSIFICATION NUMBER
Classification number 320.157/SIN
100 ## - MAIN ENTRY--PERSONAL NAME
Personal name Sinha, H N
9 (RLIN) 25048
245 ## - TITLE STATEMENT
Title Sovereignty in Ancient Indian Polity
260 ## - PUBLICATION, DISTRIBUTION, ETC. (IMPRINT)
Name of publisher, distributor, etc. Luzac & Company Ltd
Date of publication, distribution, etc. 1938
650 ## - SUBJECT ADDED ENTRY--TOPICAL TERM
Topical term or geographic name as entry element Political Science
9 (RLIN) 25049
942 ## - ADDED ENTRY ELEMENTS (KOHA)
Koha item type Books
Call number prefix 320.157/SIN
Source of classification or shelving scheme
Holdings
Withdrawn status Lost status Source of classification or shelving scheme Damaged status Not for loan Home library Current library Date acquired Total Checkouts Full call number Barcode Date last seen Uniform Resource Identifier Price effective from Koha item type
          MACL MACL 15/04/2015   320.157/SIN CLE006984 29/04/2015 39042 15/04/2015 Books